00714nam a22001577a 4500008004100000040005500041080001500096100002300111245003700134260004600171500016100217650001400378942001200392999001700404952013500421230721b |||||||| |||| 00| 0 eng d aNational Science LibrarycNational Science Library a541.14(05) aTurro, Nicholas J  aAnnual survey of photochemistry  aNew York: bJhon Wiley & Sons, Inc c1967 aVol. 1 (Annual survey of photochemistry) xiii, 588p. Vol. 2 (Annual survey of photochemistry) xiv, 412p. Vol. 3 (Annual survey of photochemistry) x, 382p. aChemistry cBK2udc c54439d54439 00102udc406541140570992323aNSLbNSLcFF/Rk-47/C-1/R-2d1971-03-27l0o541.14(05)p37408r2023-07-22 00:00:00w1971-03-27yBK